| 000 | 00597cam a2200145 4500500 | ||
|---|---|---|---|
| 005 | 20260208005946.0 | ||
| 041 | _afre | ||
| 042 | _adc | ||
| 100 | 1 | 0 |
_aMarchal, Bertrand _eauthor |
| 245 | 0 | 0 | _aDocuments Stéphane Mallarmé, nouvelle série, IV. Présentés par GORDON MILLAN. Saint-Genouph, Nizet, 2005. Un vol. de 290 p. |
| 260 | _c2009. | ||
| 500 | _a4 | ||
| 786 | 0 | _nRevue d'histoire littéraire de la France | 109 | 1 | 2009-02-17 | p. 211k-253k | 0035-2411 | |
| 856 | 4 | 1 | _uhttps://shs.cairn.info/revue-d-histoire-litteraire-de-la-france-2009-1-page-211k?lang=fr&redirect-ssocas=7080 |
| 999 |
_c1654562 _d1654562 |
||